| 000 | 01290cam a22002653a 4500 | ||
|---|---|---|---|
| 001 | 1013 | ||
| 005 | 20250210090647.0 | ||
| 020 | _a0590629786 (pbk.) : | ||
| 040 |
_aOCO _cOCO _dECL _dOCL _dOCLCQ _dDLC _beng |
||
| 050 | 0 | 0 | _aPZ7.A6484 |
| 082 | _aFic | ||
| 100 | 1 | _aApplegate, Katherine | |
| 245 | 1 | 4 |
_aThe visitor / _cK.A. Applegate |
| 260 |
_aNew York : _bScholastic, _c2011. |
||
| 300 |
_a175 pages : _c20 cm |
||
| 490 | 1 |
_aAnimorphs ; _vBook 02 |
|
| 500 | _a"An Apple paperback." | ||
| 505 | _aM | ||
| 520 | _aRachel is still reeling from the news that the Earth is secretly under attack by parasitic aliens known as the Yeerks. And that she and her friends-five kids who, purely by chance, stumbled onto a downed spacecraft and were given the power to morph into any animal they touch-are the planet's only defense. But Rachel's always been something of a daredevil. So when it's suggested that they infiltrate the home of their assistant principal, Mr. Chapman, who also happens to be a human host of the Yeerks, she volunteers. But what she finds inside may be more than even she can handle. | ||
| 521 |
_a530
_bLexile |
||
| 521 |
_aM
_bRaz-Plus |
||
| 655 | 7 |
_aYoung adult fiction. _2lcsh |
|
| 906 |
_a7 _bcbc _ccopycat _d2 _encip _f19 _gy-genrareb |
||
| 942 |
_2ddc _cBK _n0 |
||
| 999 |
_c1013 _d1013 |
||